000 00661nam a2200229Ia 4500
005 20230529140335.0
008 220704s9999||||xx |||||||||||||| ||und||
020 _a0195625803
040 _aMCHVL
041 _aEnglish
082 _a303.483
_bNAN
245 _aScience, hegimony and violence :
_ba requiem for modernity /
_cedited by Ashis Nandy
260 _aCalcutta :
_bOxford university,
_c1990.
300 _aviii, 301p. ;
_c22cm.
500 _aIncludes index.
650 _aScience--Social aspects
650 _aScience--Philosophy
650 _aViolence
650 _aDeveloping countries
700 _aNandy, Ashis
_eed.
942 _cBK
999 _c4067
_d4067